000 00516nam a22001697a 4500
999 _c4387
_d4387
003 GBCCL
005 20241126110517.0
008 180119b xxu||||| |||| 00| 0 eng d
040 _cgbc
082 _a226.2061
_bSTE
100 _aStendahl, Krister
_98235
245 _aThe School of St. Matthew:
_bAnd its use of the Old Testament /
_cKrister Stendahl
260 _bFortress Press,
_aPhiladelphia:
_c1968
300 _a249 p.;
_c25 cm.
650 _aBible
_vNew Testament
_vMatthew
_xIntroduction
_98236
942 _2ddc
_cBK